Historiographie des préhistoriens et paléontologues d’Afrique du Nord

محفوظ في:

المؤلف الرئيسي: Djillali Hadjouis

التنسيق: كتاب

اللغة: Undetermined

الوصول للمادة أونلاين: Login to view Source

الوسوم: إضافة وسم

لا توجد وسوم, كن أول من يضع وسما على هذه التسجيلة!

رقم الطلب:

LEADER 00478nmm a2200133Ia 4500
008 240716s9999||||xx |||||||||||||||||und||
020 |a 9781803275376 
020 |a 9781803275383 
100 |a Djillali Hadjouis 
245 1 0 |a Historiographie des préhistoriens et paléontologues d’Afrique du Nord  |c Djillali Hadjouis 
264 |b Archaeopress Archaeology  |c 24-أغسطس-23 
856 4 0 |u http://library.arce.org:8087/Archaeopress/Products/9781803275376 
942 |2 lcc  |c EBOOK 
999 |c 59023  |d 59023